000 00461nam a22001697a 4500
005 20251108171012.0
008 250721s1982 xx 000 0 ara d
082 1 4 _aم/922.1/أحم
100 1 _aالشرباصي، أحمد
245 1 0 _aموسوعة الغذاء في الإسلام /
264 1 _aبيروت :
_bدار الجيل،
_c1982.
300 _a
650 1 7 _aالإسلام
650 1 7 _aتراجم
942 _2ddc
_cREF
999 _c54111
_d54111